[Event "Brezova op"]
[Site "Brezova pod Bradlom"]
[Date "2009.08.29"]
[Round "9"]
[White "Machalova, Maria"]
[Black "Sarmir, Milos"]
[Result "1-0"]
[WhiteElo "2216"]
[BlackElo "2090"]
[PlyCount "65"]
[EventDate "2009.08.22"]
[EventType "swiss"]
[EventRounds "9"]
[EventCountry "SVK"]
[SourceTitle "CBM 132 Extra"]
[Source "ChessBase"]
[SourceDate "2009.11.03"]
[SourceVersion "1"]
[SourceVersionDate "2009.11.03"]
[SourceQuality "1"]

1. c4 e6 2. Nc3 b6 3. e4 Bb7 4. d4 d6 5. Nf3 Be7 6. Qc2 Nd7 7. Be3 c5 8. Be2 a6 9. 0-0 Qc7 10. h3 Ngf6 11. d5 e5 12. Ne1 0-0 13. g3 Ne8 14. Ng2 g6 15. f4 f6 16. f5 g5 17. h4 h6 18. hxg5 fxg5 19. Kf2 Kg7 20. Rh1 Nef6 21. Qc1 Ng8 22. Ne1 Qd8 23. Kg2 Rf7 24. Bh5 Rf8 25. Bg6 b5 26. Nf3 bxc4 27. Nd1 Rf6 28. Bxg5 hxg5 29. Qxg5 Nf8 30. Qh5 Nxg6 31. Qh7+ Kf8 32. fxg6 Bc8 33. g7+ 1-0

[Event "Brezova op"]
[Site "Brezova pod Bradlom"]
[Date "2009.08.28"]
[Round "8"]
[White "Jozefek, Michal"]
[Black "Machalova, Maria"]
[Result "0-1"]
[WhiteElo "1940"]
[BlackElo "2216"]
[PlyCount "54"]
[EventDate "2009.08.22"]
[EventType "swiss"]
[EventRounds "9"]
[EventCountry "SVK"]
[SourceTitle "CBM 132 Extra"]
[Source "ChessBase"]
[SourceDate "2009.11.03"]
[SourceVersion "1"]
[SourceVersionDate "2009.11.03"]
[SourceQuality "1"]

1. d4 Nf6 2. c4 e6 3. Nf3 b6 4. e3 Bb7 5. Bd3 c5 6. 0-0 d6 7. Nc3 Nbd7 8. b3 Be7 9. Bb2 0-0 10. Qe2 Re8 11. Rac1 Bf8 12. e4 cxd4 13. Nxd4 a6 14. Rfd1 Qc7 15. Bb1 Rad8 16. g4 g6 17. Rd3 e5 18. Nf3 Nc5 19. Nd5 Bxd5 20. cxd5 Qd7 21. Rxc5 Qxg4+ 22. Kf1 dxc5 23. Re3 Qh3+ 24. Kg1 Qg4+ 25. Kf1 Bh6 26. Rc3 Qh3+ 27. Ke1 Qg2 0-1

[Event "Brezova op"]
[Site "Brezova pod Bradlom"]
[Date "2009.08.25"]
[Round "5"]
[White "Machalova, Maria"]
[Black "Blatnicky, Miroslav"]
[Result "0-1"]
[WhiteElo "2216"]
[BlackElo "2109"]
[PlyCount "150"]
[EventDate "2009.08.22"]
[EventType "swiss"]
[EventRounds "9"]
[EventCountry "SVK"]
[SourceTitle "CBM 132 Extra"]
[Source "ChessBase"]
[SourceDate "2009.11.03"]
[SourceVersion "1"]
[SourceVersionDate "2009.11.03"]
[SourceQuality "1"]

1. c4 Nf6 2. Nc3 e6 3. e4 d5 4. e5 d4 5. exf6 dxc3 6. bxc3 Qxf6 7. Nf3 c5 8. Be2 Be7 9. 0-0 0-0 10. d4 h6 11. Be3 Nc6 12. Qc2 b6 13. Qe4 Bb7 14. Bd3 g6 15. Bxh6 Na5 16. d5 Rfe8 17. Bg5 exd5 18. cxd5 Qd6 19. Bb5 Bxd5 20. Qh4 Bc6 21. Rad1 Qc7 22. Bxc6 Nxc6 23. Bxe7 Qxe7 24. Ng5 f6 25. Qc4+ Kg7 26. Qb5 Rac8 27. Nf3 Qc7 28. h4 Re7 29. Qa4 Rce8 30. Qg4 Ne5 31. Qg3 Nxf3+ 32. Qxf3 Re4 33. h5 Rh4 34. g3 Rxh5 35. Qg4 Re7 36. Rd3 Qc6 37. f3 Qb5 38. Rd2 f5 39. Qf4 Rh1+ 40. Kxh1 Qxf1+ 41. Kh2 Re2+ 42. Rxe2 Qxe2+ 43. Kh3 Qe7 44. a4 Qb7 45. Qd6 Kh7 46. c4 Qf7 47. Qf4 Qd7 48. Qe5 Qxa4 49. Qe7+ Kg8 50. Qe6+ Kf8 51. Qf6+ Ke8 52. Qxg6+ Kd8 53. Qf6+ Ke8 54. Qg6+ Kd8 55. Qf6+ Kc7 56. Qf7+ Qd7 57. Qf6 a5 58. Qe5+ Kb7 59. g4 fxg4+ 60. fxg4 a4 61. Qe4+ Ka7 62. Qf3 b5 63. cxb5 Kb6 64. Qf6+ Kxb5 65. Qb2+ Kc6 66. Qf6+ Qd6 67. Qf3+ Qd5 68. Qf6+ Kb5 69. g5 a3 70. g6 a2 71. Qb2+ Ka4 72. g7 Qh1+ 73. Qh2 a1Q 74. g8Q Qaf1+ 75. Qgg2 Qfxg2+ 0-1

[Event "Brezova op"]
[Site "Brezova pod Bradlom"]
[Date "2009.08.24"]
[Round "4"]
[White "Marusak, Peter"]
[Black "Machalova, Maria"]
[Result "0-1"]
[WhiteElo "2062"]
[BlackElo "2216"]
[PlyCount "66"]
[EventDate "2009.08.22"]
[EventType "swiss"]
[EventRounds "9"]
[EventCountry "SVK"]
[SourceTitle "CBM 132 Extra"]
[Source "ChessBase"]
[SourceDate "2009.11.03"]
[SourceVersion "1"]
[SourceVersionDate "2009.11.03"]
[SourceQuality "1"]

1. d4 Nf6 2. c4 e6 3. Nf3 b6 4. g3 Bb7 5. Bg2 Be7 6. Nc3 Ne4 7. 0-0 0-0 8. d5 Nxc3 9. bxc3 Bf6 10. Nd4 e5 11. Nb5 d6 12. e4 Nd7 13. Re1 g6 14. Bh6 Bg7 15. Bxg7 Kxg7 16. Bh3 Nc5 17. f4 a6 18. Na3 exf4 19. gxf4 Qh4 20. Qg4 Qxg4+ 21. Bxg4 Rae8 22. Bf3 Nd3 23. Re3 Nxf4 24. Rae1 Re5 25. Kf2 Bc8 26. Kg3 g5 27. Bg4 Bxg4 28. Kxg4 Ng2 29. R1e2 Nxe3+ 30. Rxe3 f5+ 31. Kh5 Rxe4 32. Rg3 h6 33. h4 Rxh4# 0-1

[Event "SVK-chT1W 0809"]
[Site "Slovakia"]
[Date "2009.03.07"]
[Round "10.6"]
[White "Machalova, Maria"]
[Black "Kvassay, Peter"]
[Result "1-0"]
[WhiteElo "2187"]
[BlackElo "2036"]
[PlyCount "76"]
[EventDate "2008.10.18"]
[EventType "team-tourn"]
[EventRounds "11"]
[EventCountry "SVK"]
[SourceTitle "EXT 2010"]
[Source "ChessBase"]
[SourceDate "2010.11.25"]
[SourceVersion "1"]
[SourceVersionDate "2010.11.25"]
[SourceQuality "1"]
[WhiteTeam "Budmerice"]
[BlackTeam "Povazska Bystrica Sparta"]
[WhiteTeamCountry "SVK"]
[BlackTeamCountry "SVK"]

1. c4 Nf6 2. Nc3 c5 3. g3 g6 4. Bg2 Bg7 5. e3 0-0 6. Nge2 d6 7. 0-0 Nc6 8. d3 a6 9. Rb1 Rb8 10. a3 Qc7 11. b4 cxb4 12. axb4 b5 13. Nd5 Nxd5 14. cxd5 Ne5 15. Nd4 Bb7 16. Bb2 Rbc8 17. Qe2 Nd7 18. Rfc1 Qb6 19. Bh3 Rxc1+ 20. Rxc1 Nf6 21. e4 Ra8 22. Nb3 Ne8 23. Bxg7 Kxg7 24. Qb2+ Kg8 25. Na5 Nc7 26. Qc3 Ne8 27. Bd7 Nf6 28. Qc7 Qxc7 29. Rxc7 Nxd7 30. Rxd7 Bc8 31. Rxe7 Bg4 32. Kf1 Rc8 33. Nc6 Bf3 34. Ke1 Kf8 35. Ra7 f5 36. Rxh7 Kg8 37. Re7 Kf8 38. Re6 fxe4 1-0